Proceedings, the third annual Symposium on Computer Application in Medical Care, October 14-17, 1979, Washington, D.C. /

Bibliographic Details
Corporate Authors: Symposium on Computer Applications in Medical Care Washington, D. C., National Center for Health Statistics (U.S.). Office of Health Research Statistics and Technology
Other Authors: Dunn, Rosalie A.
Format: Conference Proceeding Book
Language:English
Published: New York : Long Beach : Institute of Electrical and Electronics Engineers ; Available from IEEE Computer Society, [1979]
Subjects:

MARC

Tag First Indicator Second Indicator Subfields
LEADER 00000cam a2200000 a 4500
001 in00000092398
005 20151008064200.0
008 800306s1979 nyua b 00110 eng d
035 |a (OCoLC)06057895 
035 |9 AAK3693AM 
040 |a WAU  |c WAU  |d m.c.  |d MKC  |d TXA  |d UtOrBLW 
049 |a TXAM  |c [1655174] 
060 0 |a W3 SY508L 3d 1979p  |a W 26.5 S988 1979p 
090 |a R858.A2  |b S9 1979 
111 2 |a Symposium on Computer Applications in Medical Care  |n (3rd :  |d 1979 :  |c Washington, D. C.) 
245 1 0 |a Proceedings, the third annual Symposium on Computer Application in Medical Care, October 14-17, 1979, Washington, D.C. /  |c editor, Rosalie A. Dunn ; [sponsored by National Center for Health Statistics, Office of Health Research statistics and Technology]. 
264 1 |a New York :  |b Institute of Electrical and Electronics Engineers ;  |a Long Beach :  |b Available from IEEE Computer Society,  |c [1979] 
264 4 |c ©1979 
300 |a 896 pages :  |b illustrations ;  |c 28 cm. 
336 |a text  |b txt  |2 rdacontent 
337 |a unmediated  |b n  |2 rdamedia 
338 |a volume  |b nc  |2 rdacarrier 
500 |a On cover: 1979 computer application in medical care. 
500 |a "79CH1480-3C." 
504 |a Includes bibliographies and index. 
650 0 |a Medical care  |x Data processing  |x Congresses. 
650 0 |a Medicine  |x Data processing  |v Congresses. 
650 2 |a Computers  |x congresses. 
650 2 |a Medicine  |x congresses. 
700 1 |a Dunn, Rosalie A. 
710 2 |a National Center for Health Statistics (U.S.).  |b Office of Health Research Statistics and Technology. 
740 0 |a 1979 computer application in medical care. 
999 |a MARS 
999 f f |s ac3e01fa-d80d-3ee4-957d-f8a69d46fbed  |i 94859f5b-a280-3795-85e5-bc8ddddd327d  |t 0 
952 f f |p ric  |a Texas A&M University  |b Rellis Campus  |c Joint Library Facility  |d Remote Storage  |t 0  |e R858.A2 S9 1979  |h Library of Congress classification  |i unmediated -- volume  |m A14806227194 
998 f f |a R858.A2 S9 1979  |t 0  |l Remote Storage